Human freedom in the modern world / (Record no. 42905)

MARC details
000 -LEADER
fixed length control field 00873nam a22002417a 4500
005 - DATE AND TIME OF LATEST TRANSACTION
control field 20100821143413.0
010 ## - LCCN (DPL NO)
LC control number ENG-101242
020 ## - INTERNATIONAL STANDARD BOOK NUMBER
International Standard Book Number 9789380388007
Terms of availability 1195.00
035 ## - SYSTEM CONTROL NUMBER
System control number EN-84775
037 ## - SOURCE OF ACQUISITION
Source of stock number/acquisition DBAD/PUB
082 ## - DEWEY DECIMAL CLASSIFICATION NUMBER
Classification number 323.44
100 ## - MAIN ENTRY--PERSONAL NAME
Personal name Khare, P.S.
245 ## - TITLE STATEMENT
Title Human freedom in the modern world /
Statement of responsibility, etc by P. S. Khare
260 ## - PUBLICATION, DISTRIBUTION, ETC. (IMPRINT)
Place of publication, distribution, etc New Delhi
Name of publisher, distributor, etc DPS Publishing House
Date of publication, distribution, etc 2010
270 ## - ADDRESS
Address Room No.213, 7/28, Mahavir Street, Ansari Road, Darya Ganj
City New Delhi
Postal code 110002
300 ## - PHYSICAL DESCRIPTION
Extent 442p.
Dimensions 22cm (Hb)
500 ## - GENERAL NOTE
General note includes bibliographical references and index
650 ## - SUBJECT ADDED ENTRY--TOPICAL TERM
Topical term or geographic name as entry element Civil Rights
650 ## - SUBJECT ADDED ENTRY--TOPICAL TERM
Topical term or geographic name as entry element History, Modern
650 ## - SUBJECT ADDED ENTRY--TOPICAL TERM
Topical term or geographic name as entry element Liberty
942 ## - ADDED ENTRY ELEMENTS (KOHA)
Source of classification or shelving scheme Dewey Decimal Classification
Item type English Books
Classification part 323.44
Call number suffix KHA
Holdings
Withdrawn status Lost status Not for loan Collection code Home library Current library Date acquired Source of acquisition Cost, normal purchase price Full call number Barcode Copy number Cost, replacement price Koha item type
    Not For Loan Non-fiction D.B.Act.Division D.B.Act.Division 21/08/2010 DBAD/PUB 1195.00 323.44 KHA EN-84775 1 1195.00 English Books

© Delhi Public Library
Hit Counter
free hit counter